LEADER 01257naa a2200229 u 4500 001 000000100629 003 CaOOAMICUS 005 20070226130204.0 008 051123s1979 it u000 u ita u 035 $a11070211 040 $aIAR$bita 100 1 $aTomea, Paolo,$d1945-$0(OLS)http://pul/name/13660 245 10$a[Recensione :] Pierre Dubois: De recuperatione terre sancte. Dalla "respublica Christiana" ai primi nazionalismi e alla politica antimediterranea; a cura di A. Diotti. --- O.G. Oexle: Utopisches Denken im Mittelalter /$c[Paolo Tomea]. 260 $a[Milano :$bVita e pensiero],$c[1979] 300 $aS. 406-413 ;$c25 cm 600 14$aOexle, Otto Gerhard,$d1939-$tUtopisches Denken im Mittelalter.$0(OLS)http://pul/subject/32321 600 14$aDiotti, A.$0(OLS)http://pul/subject/32322 730 0 $aAevum$g[Spogli].$0(OLS)http://pul/title/11692 773 0 $aAevum ;.$k53 (1979) 773 0 $tAevum$w()8026 996 $6245$a[Recensione :] Pierre Dubois: De recuperatione terre sancte. Dalla "respublica Christiana" ai primi nazionalismi e alla politica antimediterranea; a cura di A. Diotti. --- O.G. Oexle: Utopisches Denken im Mittelalter$9(OLS)http://pul/title/127527 996 $6260$a[Milano :$bVita e pensiero]$9(OLS)http://pul/publisher/79155 LEADER 01421nam a2200313 a 4500 001 000000134542 003 CaOOAMICUS 005 20130624145041.0 008 130624s1990 it u000 u ita r 020 $a88-15-02340-2 040 $aPUL$bita 041 1 $aita$hger 100 1 $aRiedel, Manfred,$d1936-$0(OLS)http://pul/name/34833 240 10$aMetaphysik und Metapolitik.$lItaliano.$0(OLS)http://pul/title/170134 245 10$aMetafisica e metapolitica :$bstudi su Aristotele e sul linguaggio politico della filosofia moderna /$cManfred Riedel. 260 $aBologna :$bIl Mulino,$cİ1990. 300 $a280 p. ;$c22 cm. 490 1 $aCollezione di testi e studi. Filosofia 500 $aInclude indice e bibliografia in nota. 600 04$aAristoteles,$d384-322 a.C.$xCritica e interpretazione.$0(OLS)http://pul/subject/434 830 0$aCollezione di testi e di studi.$pFilosofia.$0(OLS)http://pul/title/10731 850 $aPUL 852 $aPUL$W1$xDP1 Fondo E. Rossi$y115$m1 R 36$j154755$qFondi$B154261$CPULBib$Z2$F154261 $82 941 1 $a1 961 $aSul dorso collocazione ms. di E. Rossi: R 10 996 $6020$a88-15-02340-2$9(OLS)http://pul/number/153101 996 $6245$aMetafisica e metapolitica :$bstudi su Aristotele e sul linguaggio politico della filosofia moderna$9(OLS)http://pul/title/170135 996 $6260$aBologna :$bIl Mulino$9(OLS)http://pul/publisher/47928